| 000 | 01193cam a2200157ua 4500 | ||
|---|---|---|---|
| 041 |
_aeng _h |
||
| 082 |
_a669.14 _bIND/SP |
||
| 110 | 1 |
_aIndian Standards Institution . _bISI _c(New Delhi ) |
|
| 245 | 0 | 0 |
_aSpecification for steel scaffoldings (2750-1964) / _cIndian Standards Institution. _hTextual Documents |
| 250 |
_a1 / _b. |
||
| 260 |
_aNew Delhi : _bIndian Standards Institution , _c1979. |
||
| 300 | _a23 ; . | ||
| 504 | _a | ||
| 942 | _cBK | ||
| 999 |
_c2591 _d2591 |
||